00336nam a2200109Ia 4500100002200000245015100022260001200173260001100185260000900196300000700205650001400212 aShashikala,N.M.R. 2aA Comparative Study of Antioxidant Properties of Armillaria sp.. A Wild Mushroom Consumed By Sri Lankans Withy A Cultivated variety Pleuterous sp. aColombo bIchemc c2009 a27 aMushrooms